The feminine sacred in South Asia = (Record no. 22)
[ view plain ]
| 000 -LEADER | |
|---|---|
| fixed length control field | 00751cam a2200205 a 4500 |
| 001 - CONTROL NUMBER | |
| control field | 11866415 |
| 005 - DATE AND TIME OF LATEST TRANSACTION | |
| control field | 20231117002659.0 |
| 008 - FIXED-LENGTH DATA ELEMENTS--GENERAL INFORMATION | |
| fixed length control field | 991015s1999 ii b 001 0 eng |
| 020 ## - INTERNATIONAL STANDARD BOOK NUMBER | |
| ISBN | 8173042462 |
| 040 ## - CATALOGING SOURCE (பட்டியலாக்க மூலம்) | |
| Original cataloging agency | DLC |
| Transcribing agency | DLC |
| Modifying agency | DLC |
| 082 00 - DDC Classification | |
| Class No. | 294/.082 |
| DDC Edition Number | 21 |
| 245 04 - TITLE STATEMENT | |
| Title | The feminine sacred in South Asia = |
| Remainder of title | Le sacré au féminin en Asie du Sud / |
| Statement of responsibility, etc. | edited by Harald Tambs-Lyche. |
| 260 ## - PUBLICATION, DISTRIBUTION, ETC. | |
| Place of publication, distribution, etc. | New Delhi : |
| Name of publisher, distributor, etc. | Manohar Publishers & Distributors, |
| Date of publication, distribution, etc. | 1999. |
| 300 ## - PHYSICAL DESCRIPTION | |
| Extent (e.g. Volumes, Pages etc.) | 147 p. ; |
| 500 ## - GENERAL NOTE | |
| General note | "Published with the assistance of the Centre National de Recherche Scientifique, France, Publié avec le concours du Centre National de Recherche Scientifique." |
| 650 #0 - SUBJECT ADDED ENTRY--TOPICAL TERM | |
| Topical term or geographic name entry element | Women and religion |
| 650 #0 - SUBJECT ADDED ENTRY--TOPICAL TERM | |
| Topical term or geographic name entry element | Women |
| 700 2# - ADDED ENTRY--PERSONAL NAME | |
| Personal name | Tambs-Lyche, Harald. |
| Relator term (Role) | Editor |
| 942 ## - Koha item type (Biblio) | |
| Koha item type | Books in Stacks (Lending) |
| Lost status | Damaged status | Collection code | Home library | Current library | Date acquired | Full call number | Accession Number | Item type |
|---|---|---|---|---|---|---|---|---|
| Lending | WERC Library | WERC Library | 11/17/2023 | 294/.082 | 4180 | Books in Stacks (Lending) |
